Logo biblioteca
Santa Fe 2917, Rosario, Santa Fe
Lu-Vi 8 a 19.45
+54-341-4232362
bibliotecaeudoro@gmail.com
Facebook Biblioteca Pedagógica
Sitio web

Habitar la lectura literaria en tiempos artificiales / (Registro nro. 32583)

Detalles MARC
000 -CABECERA
campo fijo de control de longitud 01078nab a2200241 4500
003 - IDENTIFICADOR DEL NÚMERO DE CONTROL
campo de control AR-RoBPED
005 - FECHA Y HORADE LA ULTIMA TRANSACCION
campo de control 20260421100609.0
008 - ELEMENTOS DE LONGITUD FIJA--INFORMACION GENERAL
campo fijo de control de longitud 260421b |||||||| |||| 00| 0 spa d
040 ## - FUENTE CATALOGADORA
Centro catalogador/agencia de origen AR-RoBPED
041 ## - IDIOMA
Código de idioma para texto/pista de sonido o título independiente spa
100 1# - ENCABEZAMIENTO PRINCIPAL--AUTOR PERSONAL
Nombre de persona Rapetti, Marina Florencia
9 (RLIN) 25003
Función Profesora en letras
245 1# - TITULO
Título Habitar la lectura literaria en tiempos artificiales /
260 ## - PUBLICACION
Lugar Buenos Aires :
Editor Noveduc,
Fecha 2024
300 ## - DESCRIPCION FISICA
Extensión 15-17 p.
500 ## - NOTA GENERAL
Nota general La autora caracteriza a la escuela como un ámbito donde circula la palabra poética, donde se escuchan distintas voces, perspectivas y parecedes. Desde allí, señala la necesidad de construir espacios de lectura en las instituciones educativas para garantizar el acceso democrático a los bienes culturales.
650 #7 - TERMINO DE MATERIA--CONTROLADO
Término controlado LECTURA
9 (RLIN) 160
Término controlado NIÑOS
9 (RLIN) 62
Término controlado ESCUELA
9 (RLIN) 20136
Término controlado LITERATURA
9 (RLIN) 244
773 0# - DOCUMENTO FUENTE
Host Biblionumber 20414
Host Itemnumber 41862
Place, publisher, and date of publication Buenos Aires : Noveduc, 1993-
Título Novedades Educativas
Record control number (AR-RoBPED)20414
International Standard Serial Number 03283534
942 ## - ELEMENTOS KOHA
Fuente de clasificación Universal Decimal Classification
Koha tipo de ítem Revistas
Clasificación 37(05)
Signatura librística Nov 86 N° 399 (Nov.2024)
Número Koha k.32583
945 ## - PROCESAMIENTO DE LA INFORMACIÓN LOCAL
Catalogador y fecha mar 04/2026

No hay ítems disponibles.